<?xml version="1.0" encoding="UTF-8"?>
<marc:record xmlns:marc="http://www.loc.gov/MARC21/slim">
   <marc:leader>00000nam a2200000 a 4500</marc:leader>
   <marc:datafield ind1="1" ind2=" " tag="100">
      <marc:subfield code="a">Empson, Clare</marc:subfield>
      <marc:subfield code="4">aut</marc:subfield>
      <marc:subfield code="e">Verfasser/-in</marc:subfield>
   </marc:datafield>
   <marc:datafield ind1=" " ind2=" " tag="653">
      <marc:subfield code="a">Liebesroman</marc:subfield>
   </marc:datafield>
   <marc:datafield ind1=" " ind2=" " tag="653">
      <marc:subfield code="a">Autor Amerika</marc:subfield>
   </marc:datafield>
   <marc:datafield ind1=" " ind2=" " tag="653">
      <marc:subfield code="a">Bestseller</marc:subfield>
   </marc:datafield>
   <marc:datafield ind1="0" ind2="0" tag="245">
      <marc:subfield code="a">Zweimal im Leben</marc:subfield>
   </marc:datafield>
   <marc:datafield ind1="0" ind2="0" tag="245">
      <marc:subfield code="b">Roman</marc:subfield>
   </marc:datafield>
   <marc:datafield ind1="0" ind2="0" tag="245">
      <marc:subfield code="c">Clare Empson. Aus dem Engl. von Sybille Schmidt</marc:subfield>
   </marc:datafield>
   <marc:datafield ind1=" " ind2="1" tag="264">
      <marc:subfield code="a">München</marc:subfield>
      <marc:subfield code="b">Blanvalet</marc:subfield>
      <marc:subfield code="c">2019</marc:subfield>
   </marc:datafield>
   <marc:datafield ind1="1" ind2=" " tag="520">
      <marc:subfield code="a">Quelle: bn.bibliotheksnachrichten (http://www.biblio.at/literatur/bn/index.html); #Autor: Angela Zemanek-Hackl; #Eine zufällige Begegnung, die alte Gefühle entfacht. (DR)#Die Freunde Harry, Jack, Lucian, Viv und Catherine kennen einander aus Uni-Tagen und waren vor 15 Jahren eine innige, lebensfrohe, verschworene Gemeinschaft. Es ergaben sich Lieben und Freundschaften, wobei die Liebe von Catherine und Lucian nach höchster Glückseligkeit abrupt endete.#Schrittweise tasten sich die LeserInnen an die damaligen Umstände heran. Dann tauchen wir in die zweite Zeitlinie ein, die vier Monate vor der Gegenwart des Romans liegt: Catherine und Lucian treffen sich zufällig und fühlen sich sofort wieder heftig zueinander hingezogen. Alles deutet auf ein spätes, aber umso freudvolleres Happy End hin. Aber in der Gegenwart ist Catherine in Pflege und spricht kein Wort mehr - was ist vorgefallen?#Die Spannung, die durch zwei Erzählperspektiven und mehrere Zeitebenen aufrecht erhalten wird, ist es, wovon der Roman lebt. Er zieht in den Bann, auch wenn das Ende vorhersehbar ist. Für mittelgroße Bibliotheken eine schöne Ergänzung des Bestandes.</marc:subfield>
   </marc:datafield>
   <marc:datafield ind1=" " ind2=" " tag="020">
      <marc:subfield code="a">9783734108020</marc:subfield>
      <marc:subfield code="9">9783734108020</marc:subfield>
   </marc:datafield>
   <marc:datafield ind1=" " ind2=" " tag="041">
      <marc:subfield code="a">ger</marc:subfield>
   </marc:datafield>
   <marc:datafield ind1=" " ind2=" " tag="300">
      <marc:subfield code="a">444 S.</marc:subfield>
   </marc:datafield>
</marc:record>
